LEADER 03880nam 2200625 450 001 9910481034503321 005 20180731043952.0 035 $a(CKB)3710000000835804 035 $a(EBL)4659190 035 $a(MiAaPQ)EBC4659190 035 $a(DLC) 2016039000 035 $a(EXLCZ)993710000000835804 100 $a20160911h20162016 uy 0 101 0 $aeng 135 $aur|n|---||||| 181 $2rdacontent 182 $2rdamedia 183 $2rdacarrier 200 10$aWorld Englishes and second language acquisition $einsights from Southeast Asian Englishes /$fMichael Percillier 210 1$aAmsterdam, [Netherlands] ;$aPhiladelphia, [Pennsylvania] :$cJohn Benjamins Publishing Company,$d2016. 210 4$d©2016 215 $a1 online resource (225 p.) 225 1 $aVarieties of English Around the World,$x0172-7362 ;$vVolume G58 300 $aDescription based upon print version of record. 311 $a90-272-4918-0 311 $a90-272-6665-4 320 $aIncludes bibliographical references and index. 327 $aWorld Englishes and Second Language Acquisition; Editorial page; Title page; LCC data; Dedication page; Table of contents; List of abbreviations; List of maps, figures and tables; Acknowledgements; 1. Introduction; 1.1 Aims of the study ; 1.2 Structure of the study ; 2. Historical overview ; 2.1 Pre-colonial period ; 2.2 Early modern Southeast Asian states and the colonial period ; 2.3 Independence ; 3. English in postcolonial Southeast Asia ; 3.1 Linguistic ecologies in the post-colonial period ; 3.1.1 Singapore ; 3.1.2 Malaysia ; 3.1.3 Indonesia 327 $a5.3 Indonesia 5.4 Overview of data ; 5.5 Data processing ; 5.5.1 Transcription ; 5.5.2 Annotation ; 5.5.3 Data format ; 5.5.4 The special case of missing past tense marking: phonology or morphology? ; 5.6 Performing searches ; 5.6.1 Annotated format ; 5.6.2 Unannotated format ; 5.6.3 R data frames ; 6. A comparative feature inventory ; 6.1 Phonological features ; 6.1.1 Consonant clusters ; 6.1.2 Isolated final plosives ; 6.1.3 Monophthongisation ; 6.1.4 Fricatives ; 6.1.5 Devoicing ; 6.1.6 Stress ; 6.1.7 Spelling pronunciation ; 6.1.8 Vowel length ; 6.1.9 Sandhi ; 6.1.10 Other cases 327 $a6.1.11 Summary of observed phonological features 6.2 Morphological features ; 6.2.1 Plural marking ; 6.2.2 Past tense marking ; 6.2.3 Third person singular present tense marking ; 6.2.4 Word class and verb forms ; 6.2.5 Comparative ; 6.2.6 Case ; 6.2.7 Progressive aspect ; 6.2.8 Perfect ; 6.2.9 Summary of observed morphological features ; 6.3 Syntactic features ; 6.3.1 Deletion ; 6.3.2 Word choice ; 6.3.3 Redundant items ; 6.3.4 Word order ; 6.3.5 "One relative clauses" ; 6.3.6 Invariant question tags ; 6.3.7 Passive voice ; 6.3.8 Inversion ; 6.3.9 Summary of observed syntactic features 327 $a7.4.3 Syntactic features 410 0$aVarieties of English around the world. General series ;$vVolume G58. 606 $aEnglish language$zSoutheast Asia 606 $aEnglish language$xVariation$zSoutheast Asia 606 $aEnglish language$xStudy and teaching$zSoutheast Asia 606 $aSecond language acquisition$zSoutheast Asia 606 $aLingua francas$zSoutheast Asia 606 $aLanguages in contact$zSoutheast Asia 607 $aSoutheast Asia$xLanguages 608 $aElectronic books. 615 0$aEnglish language 615 0$aEnglish language$xVariation 615 0$aEnglish language$xStudy and teaching 615 0$aSecond language acquisition 615 0$aLingua francas 615 0$aLanguages in contact 676 $a427/.959 700 $aPercillier$b Michael$0861902 801 0$bMiAaPQ 801 1$bMiAaPQ 801 2$bMiAaPQ 906 $aBOOK 912 $a9910481034503321 996 $aWorld Englishes and second language acquisition$91923687 997 $aUNINA LEADER 02531nas 2200637 c 450 001 9910895057603321 005 20260218112932.0 024 7 $aurn:nbn:de:hbz:6:1-64007 035 $a(CKB)3790000000122971 035 $a(DE-599)ZDB2706222-3 035 $a(OCoLC)835324172 035 $a(DE-101)103190803X 035 $a(DE-599)2706222-3 035 $a(EXLCZ)993790000000122971 100 $a20130304b18941894 |y | 101 0 $ager 135 $aur||||||||||| 181 $ctxt$2rdacontent 182 $cc$2rdamedia 183 $acr$2rdacarrier 200 00$aSerie sehr serieuser Serum-Sänge für Dichteritis zum ... Stiftungsfeste des Westfälischen Vereins für Vogelschutz, Geflügel- und Singvögelzucht, dem Historischen Gänse-Essen am ... gedichtet$fvon den Heilkünstlern des Zoologischen Gartens 210 31$aMu?nster$cKrick$d1894-1894 215 $aOnline-Ressource 300 $aGesehen am 04.03.13 517 3 $aProgramm der Festfeier. ˜1894œ 606 $aStiftungsfest$3(DE-588)4620571-8$3https://d-nb.info/gnd/4620571-8$3(DE-101)960606645$2gnd 606 $aDeutsch$3(DE-588)4113292-0$3https://d-nb.info/gnd/4113292-0$3(DE-101)041132920$2gnd 606 $aLied$3(DE-588)4035669-3$3https://d-nb.info/gnd/4035669-3$3(DE-101)040356698$2gnd 606 $aDeutsch$3(DE-588)4113292-0$3https://d-nb.info/gnd/4113292-0$3(DE-101)041132920$2gnd 606 $aGelegenheitsgedicht$3(DE-588)4128813-0$3https://d-nb.info/gnd/4128813-0$3(DE-101)041288130$2gnd 608 $aZeitschrift$2gnd-content 608 $aProgrammheft$2gnd-content 608 $aAnthologie$2gnd-content 608 $aProgrammheft$2gnd 608 $aOnline-Publikation$2gnd 608 $aAnthologie$2gnd 608 $aZeitschrift$2gnd 608 $aOnline-Publikation$2gnd 608 $aAnthologie$2gnd 608 $aZeitschrift$2gnd 608 $aOnline-Publikation$2gnd 615 7$aStiftungsfest. 615 7$aDeutsch. 615 7$aLied. 615 7$aDeutsch. 615 7$aGelegenheitsgedicht. 676 $a390 676 $a590 712 02$aWestfa?lischer Verein fu?r Vogelschutz, Geflu?gel- und Singvo?gelzucht$4isb 801 0$b0006 801 1$bDE-101 801 2$b0292 906 $aJOURNAL 912 $a9910895057603321 996 $aSerie sehr serieuser Serum-Sa?nge fu?r Dichteritis zum ... Stiftungsfeste des Westfa?lischen Vereins fu?r Vogelschutz, Geflu?gel- und Singvo?gelzucht, dem Historischen Ga?nse-Essen am ... gedichtet$94268764 997 $aUNINA